Les personnages de Spider-Man : Brand New Day (2026) - #38 - Statistiques

Statistiques générales
  • Ce quiz a été pris 15 fois
  • Le résultat moyen est 4 sur 12
Statistiques - réponses
Indice Réponse % Correct
Rôle connu Tom Holland
100%
Rôle connu Zendaya
73%
Rôle inconnu Sadie Sink
64%
Rôle connu Mark Ruffalo
45%
Rôle connu Jon Bernthal
36%
Rôle connu Jacob Batalon
27%
Rôle connu Michael Mando
9%
Rôle inconnu Tramell Tillman
9%
Rôle connu John Jonah Jameson
0%
Rôle inconnu Liza Colo-Zayas
0%
Rôle connu Marvin Jones III
0%
Rôle inconnu Melanie Scrofano
0%
Aucun quiz correspondant
Distribution des résultats
% des personnes avec chaque résultat
Percentile par nombre de réponses
Votre historique - résultats
Vous n’avez pas pris ce quiz